[Event "III Copa Marcel Duchamp 2019"]
[Site "Montevideo"]
[Date "2019.02.11"]
[Round "4.30"]
[White "Barandiaran, Gabriel"]
[Black "Granara Barreto, Sebastian"]
[Result "0-1"]
[WhiteElo "1836"]
[BlackElo "2134"]
[Annotator "NA"]
[PlyCount "36"]
[EventDate "2019.02.09"]
[EventType "swiss"]
[EventCountry "URU"]
[SourceTitle "playchess.com"]
[Source "ChessBase"]
[SourceQuality "1"]
[TimeControl "5400+30"]

1. Nf3 Nf6 2. g3 b6 3. Bg2 Bb7 4. O-O e6 5. d4 c5 6. b3 d5 7. Bb2 Nbd7 8. c3 Be7 9. Nbd2 O-O 10. Rc1 Rc8 11. e3 Qc7 12. c4 Qb8 13. Qe2 Bd6 14. Rfd1 Rfe8 15. e4 dxe4 16. Ng5 e3 17. Qxe3 cxd4 18. Qxd4 Be5 0-1

[Event "III Copa Marcel Duchamp 2019"]
[Site "Montevideo"]
[Date "2019.02.11"]
[Round "4.31"]
[White "Guerrero, Alvaro"]
[Black "Aguerre, Valentin"]
[Result "1-0"]
[WhiteElo "2096"]
[BlackElo "1694"]
[Annotator "NA"]
[PlyCount "59"]
[EventDate "2019.02.09"]
[EventType "swiss"]
[EventCountry "URU"]
[SourceTitle "playchess.com"]
[Source "ChessBase"]
[SourceQuality "1"]
[TimeControl "5400+30"]

1. d4 d5 2. c4 c6 3. Nf3 Nf6 4. Nc3 a6 5. e3 b5 6. b3 Bf5 7. Be2 e6 8. O-O Nbd7 9. Bb2 Be7 10. Nh4 Ne4 11. Nxf5 exf5 12. Qc2 Ndf6 13. cxd5 cxd5 14. Nxe4 fxe4 15. Qc6+ Kf8 16. a4 bxa4 17. Rxa4 a5 18. Rfa1 Rc8 19. Qa6 Ra8 20. Qb5 Rb8 21. Qxa5 Qxa5 22. Rxa5 Rxb3 23. Ra8+ Ne8 24. Bd1 Rb4 25. Bc3 Rc4 26. Ba4 Rxa4 27. R1xa4 f5 28. R4a5 Kf7 29. Rxd5 Nf6 30. Rda5 1-0

[Event "III Copa Marcel Duchamp 2019"]
[Site "Montevideo"]
[Date "2019.02.11"]
[Round "4.32"]
[White "Lanaro, Emilio"]
[Black "Pichuaga, Juan Pablo"]
[Result "0-1"]
[WhiteElo "1696"]
[BlackElo "2027"]
[Annotator "NA"]
[PlyCount "66"]
[EventDate "2019.02.09"]
[EventType "swiss"]
[EventCountry "URU"]
[SourceTitle "playchess.com"]
[Source "ChessBase"]
[SourceQuality "1"]
[TimeControl "5400+30"]

1. e4 d6 2. d4 e5 3. dxe5 dxe5 4. Qxd8+ Kxd8 5. Nc3 Be6 6. Bg5+ f6 7. O-O-O+ Nd7 8. Be3 c6 9. g3 Kc7 10. f4 Bd6 11. Bh3 Bxh3 12. Nxh3 b6 13. Rd2 Ne7 14. Rhd1 Nc8 15. Nb1 Re8 16. Nf2 Re7 17. Na3 b5 18. Nb1 Bb4 19. Nc3 Bxc3 20. bxc3 Ncb6 21. Bxb6+ axb6 22. Kb2 Ra4 23. fxe5 fxe5 24. Nh3 h6 25. Nf2 Nc5 26. Re1 Re8 27. Rdd1 Rea8 28. Ra1 Kd6 29. Re2 Ke6 30. Ree1 Rf8 31. Re2 Rc4 32. Rae1 Na4+ 33. Kb1 Nxc3+ 0-1